Представление документа в формате RUSMARC

ПолеНазваниеЗначение
  Тип записи a
  Библиографический уровень m
001 Контрольный номер RU/SLIB/B/208721458
005 Дата корректировки 20210120092830.1
010 Индекс ISBN __
a ISBN 5-06-003658-8
d Цена 70-00
101 Язык документа 0_
a Язык текста rus
c Язык оригинала rus
200 Заглавие и сведения об ответственности 1_
a Заглавие Теоретические основы электротехники
e Сведения, относящиеся к заглавию учеб.для студентов уч-ний сред. проф. образования
f Первые сведения об ответственности Ф. Е. Евдокимов
b Общее обозначение материала Текст
205 Сведения об издании __
a Основные сведения об издании 7-е изд., испр. и доп.
210 Выходные данные 1_
a Место издания М.
c Издательство Высш. шк.
d Дата издания 1999
215 Физическое описание __
a Объем 496 с.
330 Аннотация __
a Аннотация В учебнике рассматриваются электрические и магнитные поля, электрические линейные и нелинейные цепи постоянного и переменного тока, магнитные цепи и методы их расчета. Для студентов энергетических и радиотехнических специальностей средних специальных учебных заведений и колледжей.
606 Тематические рубрики __
a Основная рубрика Энергетика
606 Тематические рубрики __
a Основная рубрика Теоретические основы электротехники
610 Ключевые слова 0_
a Ключевые слова электричество; электрическое поле; электрический ток; электрические цепи; постоянный ток; нелинейные цепи; линейные цепи; магнитное поле; магнитные цепи; электромагнитная индукция; энергоблок; энергия; резонанс; переменный ток; переменное напряжение; трехфазная симметрическая цепь; трехфазная несимметрическая цепь; индуктивность; символический метод; векторная диаграмма
686 Индексы других классификаций __
a Классификационный индекс 31.21я723
700 Автор _1
a Фамилия Евдокимов
b Имя Ф. Е.
4 Код отношения 070
801 Источник записи _0
a Страна RU
b Организация Муниципальное бюджетное учреждение культуры "Централизованная библиотечная система" г. Сургут (Центральная городская библиотека им. А. С. Пушкина)
g Правила каталогизации КиК/Котельникова
801 Источник записи _1
a Страна RU
b Организация Муниципальное бюджетное учреждение культуры "Централизованная библиотечная система" г. Сургут (Центральная городская библиотека им. А. С. Пушкина)
g Правила каталогизации КиК/Котельникова
852 Данные о местонахождении __
j Шифр хранения 31.21я723
c Каталожный индекс 31.21я723
i Авторский знак Е 15
901 Тип документа __
t Тип документа m
903 Характеристики (МАРС) __
a Дата передачи 20010906
969 Тип издания __
a Тип издания учебник
990 Данные о заказе (DOS) __
j Количество экземпляров (DOS) 2
t N записи в КСУ для И/У (DOS) 200109